[Event "FIDE WCC Blitz Women 2019"]
[Site "Moscow"]
[Date "2019.12.30"]
[Round "16.47"]
[White "Shafigullina, Zarina"]
[Black "Assaubayeva, Bibisara"]
[Result "1/2-1/2"]
[ECO "D02"]
[WhiteElo "2052"]
[BlackElo "2323"]
[Annotator "NA"]
[PlyCount "119"]
[EventDate "2019.12.29"]
[EventType "swiss"]
[EventCountry "RUS"]
[SourceTitle "playchess.com"]
[Source "ChessBase"]
[SourceQuality "1"]

1. d4 d5 2. Nf3 Nf6 3. g3 c5 4. Bg2 Nc6 5. O-O e6 6. c4 dxc4 7. Qa4 Bd7 8. Qxc4 Be7 9. dxc5 Qa5 10. Nc3 Qxc5 11. Qxc5 Bxc5 12. Bg5 Be7 13. Rfd1 h6 14. Bf4 O-O 15. Ne5 Nxe5 16. Bxe5 Bc6 17. Bxc6 bxc6 18. Bd6 Bxd6 19. Rxd6 Rab8 20. b3 Rfc8 21. Rc1 Nd5 22. Na4 Nb4 23. a3 Nd5 24. b4 Ne7 25. Rd7 Kf8 26. Rcd1 Nd5 27. e4 Nf6 28. Rxa7 Ra8 29. Nb6 Rxa7 30. Nxc8 Rxa3 31. Rd8+ Ne8 32. e5 Ra8 33. Kf1 f6 34. Ke2 fxe5 35. Ke3 Rb8 36. Ke4 Rb5 37. Rxe8+ Kxe8 38. Nd6+ Kd7 39. Nxb5 cxb5 40. Kxe5 Ke7 41. Kd4 Kd6 42. f4 h5 43. Ke4 Kd7 44. h3 Kd6 45. Kd4 Kc6 46. Ke5 Kd7 47. g4 hxg4 48. hxg4 Ke7 49. f5 exf5 50. Kxf5 Kf7 51. Ke5 Kg6 52. Kd5 Kg5 53. Kc5 Kxg4 54. Kxb5 Kh3 55. Kc4 g5 56. b5 g4 57. b6 g3 58. b7 g2 59. b8=Q g1=Q 60. Qh8+ 1/2-1/2

[Event "FIDE WCC Blitz Women 2019"]
[Site "Moscow"]
[Date "2019.12.30"]
[Round "16.48"]
[White "Nosacheva, Mariya"]
[Black "Druzhinina, Olga"]
[Result "1-0"]
[ECO "B90"]
[WhiteElo "2062"]
[BlackElo "2245"]
[Annotator "NA"]
[PlyCount "119"]
[EventDate "2019.12.29"]
[EventType "swiss"]
[EventCountry "RUS"]
[SourceTitle "playchess.com"]
[Source "ChessBase"]
[SourceQuality "1"]

1. e4 c5 2. Nf3 d6 3. d4 cxd4 4. Nxd4 Nf6 5. Nc3 a6 6. h3 e5 7. Nde2 Be6 8. g4 Nc6 9. Bg2 b5 10. Be3 Be7 11. Ng3 b4 12. Nd5 Bxd5 13. exd5 Na5 14. Nf5 Bf8 15. O-O Nc4 16. Bg5 h6 17. Qe2 Rc8 18. Bxf6 Qxf6 19. b3 g6 20. Ng3 Nb6 21. Qxa6 Rb8 22. a3 bxa3 23. Ne4 Qd8 24. Rxa3 f5 25. gxf5 gxf5 26. Ng3 f4 27. Ne4 Rg8 28. Qe2 Qe7 29. Qh5+ Kd8 30. Rfa1 f3 31. Qxf3 Nxd5 32. Ra7 Qe6 33. Ng3 Nc7 34. Qc6 Rg7 35. Rb7 Rc8 36. Qb6 d5 37. Qxe6 Nxe6 38. Bxd5 Rxb7 39. Bxb7 Rxc2 40. Bd5 Nf4 41. Bc4 Nxh3+ 42. Kg2 Nxf2 43. Ra8+ Ke7 44. Nf5+ Kd7 45. Rxf8 Ne4+ 46. Kh3 Ng5+ 47. Kg4 Rg2+ 48. Kh5 e4 49. Ra8 Rf2 50. Nd4 e3 51. Ra7+ Kd6 52. Nb5+ Kc5 53. Re7 Rf3 54. Kxh6 Nh3 55. Be2 Rg3 56. Nc3 Nf4 57. Ne4+ Kd4 58. Nxg3 Nxe2 59. Nxe2+ Kd3 60. Nf4+ 1-0

[Event "FIDE WCC Blitz Women 2019"]
[Site "Moscow"]
[Date "2019.12.30"]
[Round "16.49"]
[White "Gevorgyan, Maria"]
[Black "Protopopova, Anastasiya"]
[Result "1-0"]
[ECO "B24"]
[WhiteElo "2244"]
[BlackElo "2084"]
[Annotator "NA"]
[PlyCount "121"]
[EventDate "2019.12.29"]
[EventType "swiss"]
[EventCountry "RUS"]
[SourceTitle "playchess.com"]
[Source "ChessBase"]
[SourceQuality "1"]

1. e4 c5 2. Nc3 Nc6 3. Bb5 Nd4 4. Bc4 e6 5. Nge2 Nf6 6. O-O d5 7. exd5 exd5 8. Nxd5 Nxd5 9. Nxd4 cxd4 10. Qh5 Be7 11. Bxd5 O-O 12. d3 g6 13. Qf3 Bf6 14. Bh6 Bg7 15. Bxg7 Kxg7 16. Qe4 Qb6 17. c3 dxc3 18. bxc3 Bf5 19. Qe5+ Kg8 20. Bc4 Rae8 21. Qg3 Qf6 22. Qc7 Re7 23. Qa5 b6 24. Qa3 Rd8 25. Rfe1 Red7 26. Rad1 Kg7 27. d4 Rc7 28. Ba6 Be6 29. Re3 Qg5 30. Rde1 h5 31. Qb2 h4 32. d5 Bf5 33. c4+ Kh7 34. Re8 Rxe8 35. Rxe8 f6 36. d6 Rd7 37. c5 Qg4 38. Qb3 Qd4 39. cxb6 axb6 40. Re7+ Rxe7 41. dxe7 Bd7 42. Qf7+ Kh6 43. Qf8+ Kg5 44. e8=Q Qd1+ 45. Bf1 Bxe8 46. Qxe8 Qd2 47. Qb5+ Kh6 48. Qxb6 Qxa2 49. Qxf6 Kh5 50. Qh8+ Kg5 51. Qd8+ Kh5 52. Qe7 Qb1 53. h3 Qc1 54. Qe5+ Kh6 55. Qe3+ Qxe3 56. fxe3 Kg5 57. Kf2 Kf5 58. Kf3 Ke5 59. Bd3 g5 60. Kg4 Kf6 61. Bf5 1-0

[Event "FIDE WCC Blitz Women 2019"]
[Site "Moscow"]
[Date "2019.12.30"]
[Round "16.50"]
[White "Barchuk, Irina"]
[Black "Agrest, Inna"]
[Result "1-0"]
[ECO "C55"]
[WhiteElo "2047"]
[BlackElo "2180"]
[Annotator "NA"]
[PlyCount "63"]
[EventDate "2019.12.29"]
[EventType "swiss"]
[EventCountry "RUS"]
[SourceTitle "playchess.com"]
[Source "ChessBase"]
[SourceQuality "1"]

1. e4 e5 2. Nf3 Nc6 3. d4 exd4 4. Bc4 Nf6 5. e5 d5 6. Bb5 Ne4 7. Nxd4 Bc5 8. Bxc6+ bxc6 9. Be3 Bd7 10. Nd2 Nxd2 11. Qxd2 Qe7 12. Nb3 Bb6 13. O-O O-O 14. f4 Rad8 15. a4 Bf5 16. c3 a5 17. Qf2 Bxe3 18. Qxe3 Rb8 19. Nxa5 Rxb2 20. Nxc6 Qd7 21. Nd4 Be4 22. Rf2 Rfb8 23. h3 Rb1+ 24. Rxb1 Rxb1+ 25. Kh2 Qxa4 26. f5 Qd1 27. f6 Qg1+ 28. Kg3 Re1 29. Qg5 Bg6 30. Nf3 h6 31. Qd2 Rd1 32. Nxg1 1-0

[Event "FIDE WCC Blitz Women 2019"]
[Site "Moscow"]
[Date "2019.12.30"]
[Round "16.51"]
[White "Bulatova, Kamaliya"]
[Black "Ovod, Evgenija"]
[Result "1/2-1/2"]
[ECO "D00"]
[WhiteElo "2038"]
[BlackElo "2163"]
[Annotator "NA"]
[PlyCount "104"]
[EventDate "2019.12.29"]
[EventType "swiss"]
[EventCountry "RUS"]
[SourceTitle "playchess.com"]
[Source "ChessBase"]
[SourceQuality "1"]

1. d4 d5 2. Bf4 Nf6 3. e3 e6 4. Nd2 c5 5. c3 Bd6 6. Bxd6 Qxd6 7. f4 O-O 8. Ngf3 b6 9. Bd3 Ba6 10. Bxa6 Nxa6 11. O-O Nc7 12. Ne5 Nd7 13. Qh5 f6 14. Nxd7 Qxd7 15. Rf3 Ne8 16. f5 e5 17. Rh3 h6 18. Rg3 exd4 19. cxd4 Nd6 20. Rf1 Rae8 21. Qxh6 cxd4 22. exd4 Ne4 23. Nxe4 Rxe4 24. Qh5 Rxd4 25. Rh3 Re4 26. Qh7+ Kf7 27. Rg3 Rg8 28. Rg6 Qd6 29. Rc1 Qe5 30. h3 Re1+ 31. Rxe1 Qxe1+ 32. Kh2 Qe5+ 33. Rg3 d4 34. Qh5+ Ke7 35. Qh7 Kf8 36. Qh5 g5 37. Qf3 Kg7 38. Qb7+ Kh6 39. Qf7 Rg7 40. Qe6 Qxe6 41. fxe6 Re7 42. Rd3 Rxe6 43. Rxd4 Re2 44. Rb4 f5 45. Kg3 Kh5 46. Kf3 Rc2 47. a4 Kg6 48. Rb5 Kf6 49. a5 bxa5 50. Rxa5 Rxb2 51. Rxa7 Rb3+ 52. Kf2 Ke5 1/2-1/2

[Event "FIDE WCC Blitz Women 2019"]
[Site "Moscow"]
[Date "2019.12.30"]
[Round "16.52"]
[White "Serikbay, Assel"]
[Black "Kulon, Klaudia"]
[Result "1/2-1/2"]
[ECO "D02"]
[WhiteElo "2028"]
[BlackElo "2457"]
[Annotator "ChessBase"]
[PlyCount "120"]
[EventDate "2019.12.29"]
[EventType "swiss"]
[EventCountry "RUS"]
[SourceTitle "playchess.com"]
[Source "ChessBase"]
[SourceQuality "1"]

1. d4 d5 2. Nf3 Nf6 3. c4 e6 4. g3 c6 5. Bg2 dxc4 6. O-O b5 7. a4 Bb7 8. b3 cxb3 9. Qxb3 a6 10. Nbd2 Be7 11. Bb2 O-O 12. Ne5 Nd5 13. Rfd1 Nd7 14. Nd3 Rb8 15. a5 Rc8 16. e4 N5f6 17. e5 Nd5 18. Ne4 c5 19. dxc5 Nxc5 20. Ndxc5 Bxc5 21. Nxc5 Rxc5 22. Ba3 b4 23. Bxb4 Rb5 24. Rab1 Qg5 25. Bxd5 Bxd5 26. Qc3 Rfb8 27. Rbc1 h5 28. Bd6 R8b7 29. Qc8+ Kh7 30. Qc2+ Qg6 31. Qxg6+ Kxg6 32. Bc7 Rb2 33. h4 Ra2 34. Bb6 Kf5 35. Re1 Kg4 36. Ra1 Rxa1 37. Rxa1 Kf5 38. Re1 Bc4 39. f4 Rd7 40. Kf2 Rd2+ 41. Ke3 Ra2 42. Rc1 Bd5 43. Rc7 Kg6 44. Ra7 Ra3+ 45. Kd4 Ra4+ 46. Kc5 Bc4 47. Kc6 Bb5+ 48. Kc5 Rc4+ 49. Kd6 Rc3 50. Bf2 Ra3 51. Bb6 Rxg3 52. Ra8 Rg4 53. Rg8 Rxh4 54. Ke7 Rxf4 55. Kf8 f6 56. Rxg7+ Kh6 57. Be3 fxe5+ 58. Kg8 h4 59. Rg4 Kh5 60. Rg7 Rg4 1/2-1/2

[Event "FIDE WCC Blitz Women 2019"]
[Site "Moscow"]
[Date "2019.12.30"]
[Round "16.53"]
[White "Gvanceladze, Anna"]
[Black "Muetsch, Annmarie"]
[Result "1-0"]
[ECO "D96"]
[WhiteElo "2066"]
[BlackElo "2202"]
[Annotator "NA"]
[PlyCount "61"]
[EventDate "2019.12.29"]
[EventType "swiss"]
[EventCountry "RUS"]
[SourceTitle "playchess.com"]
[Source "ChessBase"]
[SourceQuality "1"]

1. Nf3 d5 2. d4 c6 3. c4 Nf6 4. Nc3 g6 5. cxd5 cxd5 6. g3 Bg7 7. Bg2 O-O 8. O-O Nc6 9. Ne5 Bf5 10. Nxc6 bxc6 11. Bf4 Nd7 12. Na4 Rc8 13. Rc1 Re8 14. Nc5 e5 15. dxe5 Nxe5 16. b3 Qe7 17. Qd2 Ng4 18. Rfe1 Nf6 19. Qa5 h6 20. Qa4 g5 21. Be3 Ng4 22. Bd4 Bxd4 23. Qxd4 Qe5 24. Qa4 Nf6 25. Qa6 Bg6 26. Nd3 Qd6 27. Nc5 Rc7 28. Qa5 Rcc8 29. Qc3 Ng4 30. Bh3 Bf5 31. Qf3 1-0

[Event "FIDE WCC Blitz Women 2019"]
[Site "Moscow"]
[Date "2019.12.30"]
[Round "16.54"]
[White "Nazarova, Anastasia"]
[Black "Lelekova, Olga"]
[Result "1-0"]
[ECO "B32"]
[WhiteElo "2049"]
[BlackElo "2176"]
[Annotator "NA"]
[PlyCount "61"]
[EventDate "2019.12.29"]
[EventType "swiss"]
[EventCountry "RUS"]
[SourceTitle "playchess.com"]
[Source "ChessBase"]
[SourceQuality "1"]

1. e4 c5 2. Nf3 Nc6 3. d4 cxd4 4. Nxd4 Qb6 5. Nb3 Nf6 6. Nc3 e6 7. Bd3 Bb4 8. Be3 Qc7 9. O-O Bxc3 10. bxc3 d6 11. f4 O-O 12. Kh1 e5 13. fxe5 dxe5 14. Qe1 Ng4 15. Bd2 Qd6 16. Qh4 Ne7 17. h3 Ng6 18. Qg3 Nf6 19. Rad1 Nh5 20. Qf3 Nhf4 21. Bc4 Qc7 22. Bd5 Be6 23. c4 Rad8 24. Bb4 Rfe8 25. Ba5 b6 26. Bb4 Nh4 27. Qg3 Nhxg2 28. Rg1 Bxh3 29. Bd2 Qc8 30. Bxf4 Nxf4 31. Qxg7# 1-0

[Event "FIDE WCC Blitz Women 2019"]
[Site "Moscow"]
[Date "2019.12.30"]
[Round "16.55"]
[White "Yakimova, Mariya"]
[Black "Munkhzul, Davaakhuu"]
[Result "1-0"]
[ECO "D30"]
[WhiteElo "2128"]
[BlackElo "1973"]
[Annotator "NA"]
[PlyCount "82"]
[EventDate "2019.12.29"]
[EventType "swiss"]
[EventCountry "RUS"]
[SourceTitle "playchess.com"]
[Source "ChessBase"]
[SourceQuality "1"]

1. d4 d5 2. c4 e6 3. Nf3 a6 4. g3 dxc4 5. Ne5 b5 6. Bg2 c6 7. O-O Nf6 8. a4 Bb7 9. Nc3 Qb6 10. e4 Be7 11. Be3 O-O 12. d5 Qc7 13. Bf4 Bd6 14. dxc6 Nxc6 15. Nxc6 Bxf4 16. axb5 axb5 17. Nd4 Be5 18. Ndxb5 Qb6 19. Qe2 Bxc3 20. Nxc3 Rfb8 21. Rxa8 Rxa8 22. Qxc4 Ba6 23. Qa2 Rc8 24. Rd1 Bc4 25. Qa3 Bb3 26. Rd6 Qb7 27. e5 Nd5 28. Qa5 Qe7 29. Bxd5 exd5 30. Nxd5 Bxd5 31. Qxd5 h6 32. Kg2 Re8 33. Rd7 Qxe5 34. Qxf7+ Kh8 35. b3 Rb8 36. h4 Qe4+ 37. Kh2 Qe5 38. Rb7 Rc8 39. Re7 Qd4 40. Re8+ Rxe8 41. Qxe8+ Kh7 1-0

[Event "FIDE WCC Blitz Women 2019"]
[Site "Moscow"]
[Date "2019.12.30"]
[Round "16.56"]
[White "Karavaeva, Olga"]
[Black "Bogumil, Tatiana"]
[Result "1-0"]
[ECO "A16"]
[WhiteElo "2174"]
[BlackElo "1996"]
[Annotator "NA"]
[PlyCount "68"]
[EventDate "2019.12.29"]
[EventType "swiss"]
[EventCountry "RUS"]
[SourceTitle "playchess.com"]
[Source "ChessBase"]
[SourceQuality "1"]

1. c4 Nf6 2. Nc3 g6 3. g3 Bg7 4. Bg2 O-O 5. Nf3 d6 6. O-O c5 7. b3 d5 8. cxd5 Nxd5 9. Qc2 Nb4 10. Qd1 N8c6 11. Bb2 Bg4 12. h3 Bd7 13. d3 Rc8 14. a3 Na6 15. Rc1 Nc7 16. Qd2 b6 17. Rfd1 h6 18. Ne4 Nd4 19. Nxd4 cxd4 20. Qe1 f5 21. Nd2 e5 22. a4 Qe7 23. Nc4 Rf6 24. Ba3 Qd8 25. Nd6 Rb8 26. Nc4 Be6 27. Nxe5 Bd5 28. Nc6 Bxc6 29. Rxc6 Kh7 30. Rdc1 Ne8 31. Qd2 Rxc6 32. Rxc6 Be5 33. Qc2 Rb7 34. Rxg6 Rc7 1-0

[Event "FIDE WCC Blitz Women 2019"]
[Site "Moscow"]
[Date "2019.12.30"]
[Round "16.57"]
[White "Afonasieva, Anna"]
[Black "Sgircea, Silvia-Raluca"]
[Result "1-0"]
[ECO "D26"]
[WhiteElo "2099"]
[BlackElo "2154"]
[Annotator "NA"]
[PlyCount "78"]
[EventDate "2019.12.29"]
[EventType "swiss"]
[EventCountry "RUS"]
[SourceTitle "playchess.com"]
[Source "ChessBase"]
[SourceQuality "1"]

1. d4 d5 2. Nf3 Nf6 3. c4 dxc4 4. e3 e6 5. Bxc4 a6 6. a4 c5 7. O-O Nc6 8. Nc3 Qc7 9. Ba2 Be7 10. Qe2 O-O 11. Rd1 b6 12. h3 Bb7 13. e4 cxd4 14. Nxd4 Nxd4 15. Rxd4 Bc5 16. Rd1 Qc6 17. Re1 h6 18. Bf4 Rad8 19. Rac1 a5 20. Be3 Nxe4 21. Qf3 Nxc3 22. Qxc6 Bxc6 23. Rxc3 Bb4 24. Rxc6 Bxe1 25. Bxb6 Rd1 26. Kh2 Ra1 27. Bb3 Rb8 28. Bc2 g6 29. Bd4 Rc1 30. b3 Bb4 31. Be3 Rf1 32. Bd3 Rd1 33. Bc4 Kg7 34. Rc7 Re8 35. Bf4 e5 36. Rxf7+ Kh8 37. Bxh6 Bd6 38. Bg7+ Kh7 39. Bf6+ Kh6 1-0

[Event "FIDE WCC Blitz Women 2019"]
[Site "Moscow"]
[Date "2019.12.30"]
[Round "16.58"]
[White "Antova, Gabriela"]
[Black "Antonova, Nadezhda"]
[Result "1-0"]
[ECO "E92"]
[WhiteElo "1965"]
[BlackElo "1914"]
[Annotator "NA"]
[PlyCount "43"]
[EventDate "2019.12.29"]
[EventType "swiss"]
[EventCountry "RUS"]
[SourceTitle "playchess.com"]
[Source "ChessBase"]
[SourceQuality "1"]

1. d4 Nf6 2. c4 g6 3. Nc3 Bg7 4. e4 d6 5. Nf3 O-O 6. Be2 e5 7. Be3 Nc6 8. d5 Ne7 9. Nd2 Ne8 10. b4 f5 11. f3 f4 12. Bf2 a5 13. a3 g5 14. c5 Rf7 15. Nc4 axb4 16. axb4 Rxa1 17. Qxa1 h5 18. h3 Bf8 19. Qa5 Ng6 20. Kd2 dxc5 21. bxc5 c6 22. Qxd8 1-0

[Event "FIDE WCC Blitz Women 2019"]
[Site "Moscow"]
[Date "2019.12.30"]
[Round "16.59"]
[White "Fatianova, Tatiana"]
[Black "Novikova, Anna"]
[Result "1-0"]
[ECO "B23"]
[WhiteElo "2029"]
[BlackElo "2045"]
[Annotator "NA"]
[PlyCount "143"]
[EventDate "2019.12.29"]
[EventType "swiss"]
[EventCountry "RUS"]
[SourceTitle "playchess.com"]
[Source "ChessBase"]
[SourceQuality "1"]

1. e4 c5 2. Nc3 e6 3. f4 d5 4. exd5 exd5 5. Bb5+ Nc6 6. Nf3 Nf6 7. O-O Be7 8. Bxc6+ bxc6 9. d3 O-O 10. b3 Qc7 11. Na4 Rd8 12. Ne5 Nd7 13. Nxd7 Bxd7 14. Bb2 c4 15. dxc4 dxc4 16. Qe2 Be6 17. f5 Bd5 18. bxc4 Re8 19. Qg4 Bf8 20. cxd5 f6 21. dxc6 Qxc6 22. Nc3 Qb6+ 23. Kh1 Qxb2 24. Ne4 Kh8 25. c3 Qc2 26. Rfe1 Re5 27. Ng3 Rxe1+ 28. Rxe1 Qxc3 29. Qe4 Rc8 30. Nh5 Qe5 31. g3 Qxe4+ 32. Rxe4 Kg8 33. Re2 Kf7 34. Nf4 Bd6 35. Ne6 Rb8 36. Rd2 Rb6 37. Kg2 g6 38. g4 h5 39. h3 hxg4 40. hxg4 gxf5 41. gxf5 Ra6 42. Kf3 Ke7 43. Rb2 Ra5 44. Rb7+ Ke8 45. Rb2 Rxf5+ 46. Kg4 Re5 47. Ng7+ Kf7 48. Nf5 Kg6 49. Nxd6 Rd5 50. Nc4 Rd4+ 51. Kf3 Rxc4 52. Rb7 Ra4 53. Rb2 f5 54. Rc2 Kg5 55. Rg2+ Kf6 56. Rc2 a5 57. Rc6+ Kg5 58. Rc2 Ra3+ 59. Kf2 Kg4 60. Kf1 Kf3 61. Rh2 Ke4 62. Re2+ Re3 63. Rc2 Ra3 64. Re2+ Kf4 65. Rc2 Rf3+ 66. Kg2 Ra3 67. Rd2 Kg4 68. Kf2 f4 69. Rc2 Rh3 70. Kg2 f3+ 71. Kg1 f2+ 72. Rxf2 1-0

[Event "FIDE WCC Blitz Women 2019"]
[Site "Moscow"]
[Date "2019.12.30"]
[Round "16.60"]
[White "Ovezdurdiyeva, Jemal"]
[Black "Nur-Mukhametova, Alisa"]
[Result "1-0"]
[ECO "D80"]
[WhiteElo "1877"]
[BlackElo "1832"]
[Annotator "NA"]
[PlyCount "95"]
[EventDate "2019.12.29"]
[EventType "swiss"]
[EventCountry "RUS"]
[SourceTitle "playchess.com"]
[Source "ChessBase"]
[SourceQuality "1"]

1. d4 Nf6 2. c4 g6 3. Nc3 d5 4. Bg5 Bg7 5. Bxf6 Bxf6 6. Nxd5 Bg7 7. Nc3 Bxd4 8. Nf3 Bxc3+ 9. bxc3 O-O 10. Qb3 Nc6 11. Rd1 Qe8 12. e3 b6 13. Be2 Na5 14. Qb4 c5 15. Qb5 Be6 16. O-O Qxb5 17. cxb5 Bxa2 18. Rd7 Rfe8 19. Ne5 Be6 20. Rc7 f6 21. Nd3 Bc4 22. Nf4 Bxe2 23. Nxe2 Rad8 24. Rxa7 Rd2 25. Nf4 e5 26. Nh3 Red8 27. f4 e4 28. Nf2 f5 29. g4 Nc4 30. Re1 Nb2 31. gxf5 gxf5 32. Rb7 Rxf2 33. Kxf2 Nd3+ 34. Ke2 Nxe1 35. Kxe1 Rd3 36. Rxb6 Rxe3+ 37. Kd2 Rd3+ 38. Kc2 Rd8 39. Rc6 e3 40. Rxc5 Re8 41. Re5 Rb8 42. c4 Rc8 43. Kc3 Kf7 44. Rxe3 Kf6 45. Re5 Rg8 46. b6 Rb8 47. c5 Rc8 48. Kb4 1-0

[Event "FIDE WCC Blitz Women 2019"]
[Site "Moscow"]
[Date "2019.12.30"]
[Round "16.61"]
[White "Guindy, Esmat Susanne"]
[Black "Komiagina, Maria"]
[Result "1-0"]
[ECO "A25"]
[WhiteElo "2120"]
[BlackElo "2106"]
[Annotator "NA"]
[PlyCount "111"]
[EventDate "2019.12.29"]
[EventType "swiss"]
[EventCountry "RUS"]
[SourceTitle "playchess.com"]
[Source "ChessBase"]
[SourceQuality "1"]

1. c4 e5 2. g3 Nc6 3. Bg2 g6 4. Nc3 Bg7 5. Nf3 Nge7 6. O-O d6 7. d3 O-O 8. e3 f5 9. b3 e4 10. Nd4 Nxd4 11. exd4 Bxd4 12. Bb2 exd3 13. Qxd3 Bg7 14. f4 Be6 15. Bxb7 Rb8 16. Bg2 Qd7 17. Rfe1 Bf7 18. Rad1 Rfe8 19. Rd2 Rbd8 20. Rde2 Kf8 21. Qd2 c6 22. Ba3 c5 23. Bb2 Nc6 24. Rxe8+ Rxe8 25. Rxe8+ Bxe8 26. Nb5 Bxb2 27. Qxb2 Kg8 28. Qd2 Qg7 29. Nxd6 Bd7 30. Nb5 Nd4 31. Nxd4 cxd4 32. Kf2 Kf8 33. Ke2 Qe7+ 34. Kd3 Qc5 35. Qe2 Kf7 36. Bd5+ Kf8 37. Qe5 a5 38. Qh8+ Ke7 39. Qxh7+ Kd8 40. Qh8+ Kc7 41. Qxd4 Qa3 42. Qa7+ Kd8 43. Qb8+ Ke7 44. Qe5+ Kd8 45. Be6 Qxa2 46. c5 Bb5+ 47. Kc3 Qa1+ 48. Kc2 Qa2+ 49. Kc3 Qa1+ 50. Kc2 Qa2+ 51. Qb2 Qxb2+ 52. Kxb2 Be8 53. Kc3 Kc7 54. Kc4 Kc6 55. Bd5+ Kc7 56. Bf3 1-0

[Event "FIDE WCC Blitz Women 2019"]
[Site "Moscow"]
[Date "2019.12.30"]
[Round "17.1"]
[White "Lagno, Kateryna"]
[Black "Stefanova, Antoaneta"]
[Result "1/2-1/2"]
[ECO "C84"]
[WhiteElo "2606"]
[BlackElo "2452"]
[Annotator "TA"]
[PlyCount "128"]
[EventDate "2019.12.29"]
[EventType "swiss"]
[EventCountry "RUS"]
[SourceTitle "playchess.com"]
[Source "ChessBase"]
[SourceQuality "1"]

1. e4 e5 2. Nf3 Nc6 3. Bb5 a6 4. Ba4 Nf6 5. O-O Be7 6. d3 d6 7. c3 O-O 8. Re1 h6 9. Nbd2 b5 10. Bc2 Re8 11. Nf1 Bf8 12. a4 Rb8 13. axb5 axb5 14. Ng3 g6 15. h3 Bg7 16. d4 Bd7 17. Be3 b4 18. Qd2 bxc3 19. bxc3 Kh7 20. d5 Ne7 21. c4 c5 22. dxc6 Bxc6 23. Red1 Nc8 24. Nh2 Qc7 25. Ng4 Nxg4 26. hxg4 Rb2 27. Qc3 Qb7 28. Rdb1 Rxb1+ 29. Rxb1 Qd7 30. Rd1 Qxg4 31. Qa5 Bd7 32. Qc7 Be6 33. Rb1 h5 34. Ba4 Rh8 35. Bd1 Qh4 36. Rb7 Qd8 37. Qc6 h4 38. Nf1 Ne7 39. Qb5 Ng8 40. Nh2 Nf6 41. Nf3 Bh6 42. Ng5+ Bxg5 43. Bxg5 Kg7 44. Kh2 Qc8 45. Bxf6+ Kxf6 46. Be2 Kg7 47. Qb6 Qd8 48. Qxd8 Rxd8 49. g3 hxg3+ 50. Kxg3 Kf6 51. Rb6 Ke7 52. Rb7+ Rd7 53. Rb4 Rc7 54. Kf3 f5 55. exf5 gxf5 56. Ke3 Kf6 57. f4 exf4+ 58. Kxf4 Rc6 59. Bd3 Rc7 60. Rb6 Ke7 61. Rb4 Rc5 62. Rb7+ Kf6 63. Rb6 Ke7 64. Rb7+ Kf6 1/2-1/2

[Event "FIDE WCC Blitz Women 2019"]
[Site "Moscow"]
[Date "2019.12.30"]
[Round "17.2"]
[White "Tan, Zhongyi"]
[Black "Muzychuk, Anna"]
[Result "1-0"]
[ECO "A45"]
[WhiteElo "2480"]
[BlackElo "2504"]
[Annotator "TA"]
[PlyCount "45"]
[EventDate "2019.12.29"]
[EventType "swiss"]
[EventCountry "RUS"]
[SourceTitle "playchess.com"]
[Source "ChessBase"]
[SourceQuality "1"]

1. d4 Nf6 2. Bg5 d5 3. Nd2 c5 4. dxc5 e6 5. e4 Bxc5 6. e5 h6 7. Bh4 g5 8. Bg3 Nfd7 9. Bd3 Bd4 10. Ngf3 Bxb2 11. Rb1 Bc3 12. Rb3 Qc7 13. O-O g4 14. Nh4 h5 15. Nc4 dxc4 16. Rxc3 b5 17. Nf5 exf5 18. e6 f4 19. Be4 fxg3 20. exd7+ Nxd7 21. Bxa8 gxh2+ 22. Kh1 O-O 23. Qd2 1-0

[Event "FIDE WCC Blitz Women 2019"]
[Site "Moscow"]
[Date "2019.12.30"]
[Round "17.3"]
[White "Gunina, Valentina"]
[Black "Bodnaruk, Anastasia"]
[Result "1-0"]
[ECO "E73"]
[WhiteElo "2366"]
[BlackElo "2375"]
[Annotator "NA"]
[PlyCount "89"]
[EventDate "2019.12.29"]
[EventType "swiss"]
[EventCountry "RUS"]
[SourceTitle "playchess.com"]
[Source "ChessBase"]
[SourceQuality "1"]

1. d4 Nf6 2. c4 g6 3. Nc3 Bg7 4. e4 d6 5. Be2 O-O 6. Be3 c6 7. h3 e5 8. d5 Na6 9. Nf3 Qe7 10. Nd2 Ne8 11. O-O f5 12. exf5 gxf5 13. f4 e4 14. Nb3 c5 15. Qd2 Kh8 16. Rae1 Rg8 17. Bd1 Bf6 18. Kh1 Bd7 19. Rg1 Bh4 20. Bf2 Nec7 21. g3 Bf6 22. g4 h6 23. gxf5 Bxf5 24. Bg4 Bh7 25. f5 Bg5 26. Be3 Bf6 27. Bxh6 Be5 28. Nxe4 Rae8 29. Bg5 Qf7 30. Ref1 Nb8 31. Qd1 Qf8 32. Bh5 Rc8 33. Qf3 Nd7 34. f6 b5 35. Nbd2 bxc4 36. Nxc4 Nb5 37. f7 Rg7 38. Nxe5 Nxe5 39. Qf4 Nd3 40. Qh4 Nd4 41. Bf6 Nf5 42. Rxf5 Rb8 43. Bxg7+ Qxg7 44. Rxg7 Kxg7 45. Qf6+ 1-0

[Event "FIDE WCC Blitz Women 2019"]
[Site "Moscow"]
[Date "2019.12.30"]
[Round "17.4"]
[White "Abdumalik, Zhansaya"]
[Black "Lei, Tingjie"]
[Result "0-1"]
[ECO "B90"]
[WhiteElo "2415"]
[BlackElo "2543"]
[Annotator "ChessBase"]
[PlyCount "96"]
[EventDate "2019.12.29"]
[EventType "swiss"]
[EventCountry "RUS"]
[SourceTitle "playchess.com"]
[Source "ChessBase"]
[SourceQuality "1"]

1. e4 c5 2. Nf3 d6 3. d4 cxd4 4. Nxd4 Nf6 5. Nc3 a6 6. h3 g6 7. g4 Bg7 8. Bg2 O-O 9. Be3 Nc6 10. Nde2 Ne5 11. O-O b5 12. a3 Bb7 13. b3 Rc8 14. Qd2 Qc7 15. Rac1 Rfd8 16. f4 Ned7 17. g5 Nh5 18. Bd4 e5 19. fxe5 dxe5 20. Be3 Nc5 21. Nd5 Bxd5 22. exd5 Ne6 23. c4 Nef4 24. cxb5 Qb7 25. bxa6 Qxa6 26. Nxf4 exf4 27. Rxc8 Rxc8 28. Bxf4 Qxa3 29. d6 Nxf4 30. Qxf4 Qxb3 31. d7 Rd8 32. Qc7 Qe3+ 33. Kh1 Qe7 34. Bc6 Qxg5 35. Re1 Bf6 36. Re8+ Kg7 37. Qd6 Qc1+ 38. Kh2 Qb2+ 39. Bg2 Kh6 40. Qf8+ Kh5 41. Qc5+ g5 42. Rxd8 Bxd8 43. Qc8 Qe5+ 44. Kh1 Bc7 45. Kg1 Bb6+ 46. Kh1 Qe1+ 47. Kh2 Bg1+ 48. Kh1 Bf2+ 0-1

[Event "FIDE WCC Blitz Women 2019"]
[Site "Moscow"]
[Date "2019.12.30"]
[Round "17.6"]
[White "Koneru, Humpy"]
[Black "Arabidze, Meri"]
[Result "0-1"]
[ECO "D35"]
[WhiteElo "2489"]
[BlackElo "2412"]
[Annotator "TA"]
[PlyCount "50"]
[EventDate "2019.12.29"]
[EventType "swiss"]
[EventCountry "RUS"]
[SourceTitle "playchess.com"]
[Source "ChessBase"]
[SourceQuality "1"]

1. d4 d5 2. c4 e6 3. Nc3 Nf6 4. cxd5 exd5 5. Bg5 c6 6. e3 Be7 7. Bd3 Nbd7 8. Qc2 Nf8 9. Nge2 Ne6 10. Bh4 g6 11. f3 O-O 12. O-O b5 13. Rad1 Bb7 14. h3 Rc8 15. Kh1 a6 16. Qb1 Nh5 17. Bf2 c5 18. dxc5 Bxc5 19. Bc2 Qb6 20. Nd4 Nxd4 21. exd4 Bd6 22. Bb3 Bb8 23. Ne2 Qd6 24. g3 Rfe8 25. Qd3 Rxe2 0-1

[Event "FIDE WCC Blitz Women 2019"]
[Site "Moscow"]
[Date "2019.12.30"]
[Round "17.7"]
[White "Khademalsharieh, Sarasadat"]
[Black "Paehtz, Elisabeth"]
[Result "1-0"]
[ECO "E63"]
[WhiteElo "2463"]
[BlackElo "2380"]
[Annotator "ChessBase"]
[PlyCount "159"]
[EventDate "2019.12.29"]
[EventType "swiss"]
[EventCountry "RUS"]
[SourceTitle "playchess.com"]
[Source "ChessBase"]
[SourceQuality "1"]

1. Nf3 g6 2. d4 Bg7 3. c4 d6 4. g3 Nf6 5. Bg2 O-O 6. O-O Nc6 7. Nc3 a6 8. b3 Rb8 9. d5 Na5 10. Bd2 c5 11. dxc6 Nxc6 12. Qc1 Re8 13. Rd1 Bg4 14. h3 Bxf3 15. exf3 Nd7 16. f4 Nd4 17. Rb1 Nc5 18. Be3 Nce6 19. Qd2 b5 20. cxb5 axb5 21. Ne2 Nf5 22. Ba7 Rc8 23. a4 Qd7 24. Qa5 Ra8 25. Bxa8 Rxa8 26. Qxb5 Qxb5 27. axb5 Rxa7 28. Rbc1 Rb7 29. Rc8+ Bf8 30. Nc3 Kg7 31. Ra1 Nfd4 32. Ra5 Nxb3 33. Raa8 Nbc5 34. Rab8 Rxb8 35. Rxb8 Nd7 36. Rc8 Nec5 37. Kf1 e6 38. Ke2 d5 39. Rd8 Be7 40. Re8 Bd6 41. Rd8 Bc7 42. Rc8 Bb6 43. f3 h5 44. g4 hxg4 45. fxg4 d4 46. Na2 d3+ 47. Kd1 Ba5 48. Ra8 Nb3 49. Nc1 Ndc5 50. Nxb3 Nxb3 51. b6 Bxb6 52. Rb8 Bc7 53. Rxb3 Bxf4 54. Rxd3 g5 55. Ke2 Kg6 56. Kf3 Bc1 57. Rb3 Bd2 58. Rb8 Bc1 59. Rg8+ Kf6 60. Ke4 Bd2 61. Kd3 Bc1 62. Kd4 Bf4 63. Kc5 Ke7 64. Kc6 Be3 65. Ra8 Bf4 66. Ra7+ Kf6 67. Kd7 e5 68. Ra4 Bg3 69. Re4 Bf4 70. Kd6 Bg3 71. Kd5 Bf4 72. Ra4 Bg3 73. Ra6+ Kg7 74. Ke4 Bh2 75. Kf5 Bf4 76. Rc6 Kg8 77. Kf6 e4 78. Rc8+ Kh7 79. Kxf7 e3 80. Re8 1-0